000 00789nam a2200229Ia 4500
001 9076
003 GE_BSU
008 181216s||||||||xx |||||||||||||| ||und||
040 _cGE_BSU
080 _a821.353.1-31
100 _aლისაშვილი,იაკინთე
245 _aნანგრევებზე
245 _bმოთხრობები
245 _cრედ:ც.ჩხეიძე;მხატვ:თ,მირზაშვილი;ო.ჯიშკარიანი
260 _aთბილისი.
260 _bლიტერატურა და ხელოვნება.
260 _c1965
300 _a210გვ;20სმ.
653 _aმოთხრობები
653 _aნანგრევებზე
942 _cBK
999 _c42380
_d42380